| 000 | 02441cam a2200469 i 4500 | ||
|---|---|---|---|
| 999 |
_c349451 _d349451 |
||
| 001 | 914417677 | ||
| 003 | OCoLC | ||
| 005 | 20200420134411.0 | ||
| 008 | 150723s2015 nyu 000 1 eng | ||
| 010 | _a2015022407 | ||
| 020 |
_a9781250074829 _q(trade paperback) |
||
| 020 |
_a1250074827 _q(trade paperback) |
||
| 020 |
_z9781466835030 _q(e-book) |
||
| 035 |
_a(OCoLC)914417677 _z(OCoLC)928580527 |
||
| 040 |
_aDLC _beng _erda _cDLC _dBDX _dOCLCF _dYDXCP _dOCLCO _dOCLCQ _dCNWLU _dOCLCO _dOCL _dOCLCA _dKFH _dOCLCQ _dHFU |
||
| 041 | 1 |
_aeng _hger |
|
| 042 | _apcc | ||
| 050 | 0 | 0 |
_aPT2617.E85 _bS713 2015 |
| 082 | 0 | 0 |
_a833/.912 _223 |
| 092 |
_aFICTION _bH5873st |
||
| 100 | 1 |
_aHesse, Hermann, _d1877-1962, _eauthor. _96187 |
|
| 240 | 1 | 0 |
_aSteppenwolf. _lEnglish. |
| 245 | 1 | 0 |
_aSteppenwolf : _ba novel / _cHermann Hesse. |
| 250 | _aFirst Picador Modern Classics edition. | ||
| 264 | 1 |
_aNew York : _bFarrar, Straus, and Giroux, _c2015. |
|
| 300 |
_axiii, 389 pages ; _c15 cm. |
||
| 336 | _atext | ||
| 337 | _aunmediated | ||
| 338 | _avolume | ||
| 490 | 1 | _aPicador modern classics. | |
| 520 | _a"With its blend of Eastern mysticism and Western culture, Hesse's best-known and most autobiographical work is one of literature's most poetic evocations of the soul's journey to liberation. Harry Haller is a sad and lonely figure, a reclusive intellectual for whom life holds no joy. He struggles to reconcile the wild primeval wolf and the rational man within himself without surrendering to the bourgeois values he despises. His life changes dramatically when he meets a woman who is his opposite, the carefree and elusive Hermine. The tale of the Steppenwolf culminates in the surreal Magic Theater-For Madmen Only! Originally published in English translation in 1929, Steppenwolf's wisdom continues to speak to our souls and marks it as a classic of modern literature."-- | ||
| 650 | 0 |
_aCivilization, Western _vFiction. _96356040 |
|
| 650 | 0 |
_aLife _vFiction. _96356041 |
|
| 655 | 7 |
_aPsychological fiction. _2fast _95673631 |
|
| 655 | 7 |
_aFiction. _2fast _95673940 |
|
| 655 | 7 |
_aPsychological fiction. _2lcgft _95673631 |
|
| 700 | 1 |
_aCreighton, Basil, _etranslator. _96356042 |
|
| 830 | 0 |
_aPicador modern classics. _95934282 |
|
| 856 | 4 | 2 |
_3Cover image _uhttp://www.netread.com/jcusers2/bk1388/829/9781250074829/image/lgcover.9781250074829.jpg |
| 907 | _a.b343522482 | ||
| 942 |
_2ddc _cBOOK |
||